000 00770cam a22002531 4500
001 17060
003 BD-RjUL
005 20211209000101.0
008 140216r19531939enk b 000 1 eng
035 _a(BD-RjUL)17117
035 _a(OCoLC)7541150
040 _aDLC
_cOCoLC
_dDLC
_beng
041 _aeng
082 0 4 _a813.3
_bPOT 1953
100 1 _aPoe, Edgar Allan,
_d1809-1849.
_952632
245 1 0 _aTales of mystery and imagination /
_c Edgar Allan Poe.
260 _aLondon :
_bJ.M. Dent & Sons, ltd.;
_aNew York :
_bE.P. Dutton & Co., inc.,
_cc1939 [Reprinted 1953].
300 _a 419 p. ;
_c18 cm.
490 0 _aEveryman's library. Fiction.
_v[no. 336]
650 0 _aimagination
_95482
942 _2ddc
_cBK
999 _c17060
_d17060